Homeless / (Record no. 4261)

MARC details
000 -LEADER
fixed length control field 01051cam a2200337 a 4500
001 - CONTROL NUMBER
control field 4261
003 - CONTROL NUMBER IDENTIFIER
control field FISKH
005 - DATE AND TIME OF LATEST TRANSACTION
control field 20240710155010.0
008 - FIXED-LENGTH DATA ELEMENTS--GENERAL INFORMATION
fixed length control field 061212r20072000nyu c 000 1 eng
010 ## - LIBRARY OF CONGRESS CONTROL NUMBER
LC control number 2006036685
020 ## - INTERNATIONAL STANDARD BOOK NUMBER
International Standard Book Number 9780142408636 (pbk.)
040 ## - CATALOGING SOURCE
Original cataloging agency DLC
Transcribing agency DLC
Modifying agency DLC
Language of cataloging eng
042 ## - AUTHENTICATION CODE
Authentication code lcac
-- pcc
050 00 - LIBRARY OF CONGRESS CALL NUMBER
Classification number PZ7.A54385
082 ## - DEWEY DECIMAL CLASSIFICATION NUMBER
Classification number 305.5
100 1# - MAIN ENTRY--PERSONAL NAME
Personal name Anderson, Laurie Halse.
245 10 - TITLE STATEMENT
Title Homeless /
Statement of responsibility, etc. Laurie Halse Anderson.
260 ## - PUBLICATION, DISTRIBUTION, ETC.
Place of publication, distribution, etc. New York :
Name of publisher, distributor, etc. Puffin Books,
Date of publication, distribution, etc. 2007.
300 ## - PHYSICAL DESCRIPTION
Extent 132 pages ;
Dimensions 20 cm.
490 0# - SERIES STATEMENT
Series statement Vet volunteers ;
Volume/sequential designation Book 2
505 ## - FORMATTED CONTENTS NOTE
Formatted contents note O<br/>
520 ## - SUMMARY, ETC.
Summary, etc. Sunita and her fellow volunteers at the Wild at Heart veterinary clinic become involved in efforts to save a bunch of feral and abandoned cats with the help of Dr. Mac.
521 ## - TARGET AUDIENCE NOTE
Target audience note 630<br/>
Source Lexile <br/>
521 ## - TARGET AUDIENCE NOTE
Target audience note O<br/>
Source Raz-Plus<br/>
650 #1 - SUBJECT ADDED ENTRY--TOPICAL TERM
Topical term or geographic name entry element Cats
Form subdivision Fiction.
650 #1 - SUBJECT ADDED ENTRY--TOPICAL TERM
Topical term or geographic name entry element Veterinarians
Form subdivision Fiction.
650 #1 - SUBJECT ADDED ENTRY--TOPICAL TERM
Topical term or geographic name entry element Animal rescue
Form subdivision Fiction.
906 ## - LOCAL DATA ELEMENT F, LDF (RLIN)
a 7
b cbc
c orignew
d 1
e ecip
f 20
g y-gencatlg
942 ## - ADDED ENTRY ELEMENTS (KOHA)
Source of classification or shelving scheme Dewey Decimal Classification
Koha item type Books
Suppress in OPAC No
Holdings
Withdrawn status Lost status Source of classification or shelving scheme Damaged status Not for loan Collection Home library Current library Shelving location Date acquired Total Checkouts Full call number Barcode Date last seen Price effective from Koha item type
    Dewey Decimal Classification     Juvenile Fiction Footprints International School Library Network Toul Kork Campus Footprints International School Library Network Toul Kork Campus TK Primary Library Room(4th Floor), Bookcase 3&4, Shelves 17-32, Yellow Books 07/10/2024   AND 305.5 PZ7.A54385 FISTK00314 07/10/2024 07/10/2024 Books